00379nam a2200133Ia 4500100000900000650001600009942000700025654000800032245008200040260000900122546001200131999001700143952008500160 a#N/A aELECTRONICS cBK avhs aVHS to VCD with Fungus Cleaning - Small Signal Models & Amplifiers Lecture 34 b#N/A aENGLISH c29309d29309 001040708CDaCRCEbCRCEd2023-03-17l0o pCD1455r2023-03-17w2023-03-17yBK